LEADER 01013nam a22002411i 4500 001 991002894199707536 005 20040416132654.0 008 040624s1979 xxua||||||||||||||||eng 035 $ab12994042-39ule_inst 035 $aARCHE-095172$9ExL 040 $aDip.to Beni Culturali$bita$cA.t.i. Arché s.c.r.l. Pandora Sicilia s.r.l. 082 04$a355.0330 100 1 $aLuttwak, Edward Nicolae$0487718 245 14$aThe grand strategy of the Roman empire :$bfrom the first century A.D. to the third /$cEdward N. Luttwak 260 $aBaltimore ;$aLondon :$bJohns Hopkins university press,$c1979 300 $aXII, 255 p. :$bill. ;$c23 cm 650 4$aImpero romano$xPolitica militare 907 $a.b12994042$b02-04-14$c12-07-04 912 $a991002894199707536 945 $aLE001 SR III 119$g1$i2001000035823$lle001$nC. 1$o-$pE0.00$q-$rl$s- $t0$u0$v0$w0$x0$y.i13600734$z12-07-04 996 $aGrand strategy of the Roman empire$9283495 997 $aUNISALENTO 998 $ale001$b12-07-04$cm$da $e-$feng$gxxu$h4$i1 LEADER 01067nam0 22002771i 450 001 UON00205830 005 20231205103313.208 010 $a01-981825-2-X 100 $a20030730d1994 |0itac50 ba 101 $aeng 102 $aUS 105 $a|||| 1|||| 200 1 $aEarly modernism$eliterature, music and painting in Europe, 1900-1916$fChristopher Butler 210 $aNew York$cOxford University Press$d1994 215 $aXVIII, 318 p., 8 p. di tav$cill.$d24 cm. 606 $aArte$xEuropa$xSec. 20.$3UONC043100$2FI 620 $aGB$dOxford$3UONL000029 676 $a700.94$cStoria culturale. Europa$v21 700 1$aBUTLER$bChristopher$3UONV123446$0321148 712 $aClarendon Press$3UONV246509$4650 801 $aIT$bSOL$c20250530$gRICA 899 $aSIBA - SISTEMA BIBLIOTECARIO DI ATENEO$2UONSI 912 $aUON00205830 950 $aSIBA - SISTEMA BIBLIOTECARIO DI ATENEO$dSI Angl XI 258 $eSI LO 62483 5 258 996 $aEarly modernism$9978920 997 $aUNIOR